| 000 | 00807nam a2200253 i 4500 | ||
|---|---|---|---|
| 001 | 33437 | ||
| 003 | BD-RjUL | ||
| 005 | 20211209052016.0 | ||
| 008 | 140507r19751869bg b 000 0 eng d | ||
| 035 | _a(BD-RjUL)33528 | ||
| 040 |
_aDLC _cDLC _dDLC _dBD-RjUL _beng |
||
| 041 | _aeng | ||
| 082 | 0 | 0 |
_a297 _bDAA 1975 |
| 100 | 1 |
_aDavenport, John, _d1789-1877. _9101486 |
|
| 245 | 1 | 3 |
_aAn apology for Mohammed and the Koran / _cby John Davenport. |
| 260 |
_aLahore : _bal-Biruni, _c1869 [Reprinted 1975] |
||
| 300 |
_a136 p. ; _c22 cm. |
||
| 500 | _aReprint of the 1869 ed. published by J. Davy, London; includes a reproduction of the original t.p. | ||
| 504 | _aIncludes bibliographical references. | ||
| 650 | 0 |
_aIslam. _9101487 |
|
| 942 |
_2ddc _cBK |
||
| 999 |
_c33437 _d33437 |
||